| Tag |
First Indicator |
Second Indicator |
Subfields |
| LEADER |
00000nam a2200000Ia 4500 |
| 001 |
in00004175621 |
| 005 |
20200807083955.0 |
| 006 |
m g d |
| 007 |
cr bn |||a|bb| |
| 008 |
980526s1638 enk o 00| | eng d |
| 035 |
|
|
|a (UnM)99900551
|
| 037 |
|
|
|a CL0036000066
|b ProQuest. 789 E. Eisenhower Parkway, Ann Arbor, MI 48108-3218
|
| 040 |
|
|
|a Cu-RivES
|c Cu-RivES
|e dcrb
|d WaOLN
|
| 100 |
1 |
|
|a Bayly, Lewis,
|d d. 1631.
|
| 245 |
1 |
4 |
|a The practice of pietie :
|b directing a Christian how to walke that he may please God. Amplified by the author.
|
| 246 |
2 |
|
|a Practice of piety
|
| 250 |
|
|
|a The last edition.
|
| 260 |
|
|
|a London :
|b printed by R[obert]· Y[oung]· for Andrew. Crooke,
|c 1638.
|
| 300 |
|
|
|a 1 online resource ([12], 514, [2] pages)
|
| 336 |
|
|
|a text
|b txt
|2 rdacontent
|
| 337 |
|
|
|a computer
|b c
|2 rdamedia
|
| 338 |
|
|
|a online resource
|b cr
|2 rdacarrier
|
| 500 |
|
|
|a The title page is engraved and signed: W· Marshall. sculp:.
|
| 500 |
|
|
|a Printer's name from STC.
|
| 500 |
|
|
|a The sheets were printed abroad--STC.
|
| 500 |
|
|
|a Signatures: A-2K.
|
| 500 |
|
|
|a Running title reads: The practice of piety.
|
| 500 |
|
|
|a Reproduction of original in the Folger Shakespeare Library.
|
| 510 |
4 |
|
|a STC (2nd edition)
|c 1620
|
| 533 |
|
|
|a Electronic reproduction.
|b Ann Arbor, Mich. :
|c UMI,
|d 1999-
|f (Early English books online)
|n Digital version of: (Early English books, 1475-1640 ; 2053:10)
|7 s1999 miun s
|
| 650 |
|
0 |
|a Christian life
|v Early works to 1800.
|
| 650 |
|
0 |
|a Piety
|v Early works to 1800.
|
| 700 |
1 |
|
|a Marshall, William,
|d fl. 1617-1650,
|e engraver.
|
| 830 |
|
0 |
|a Early English books online.
|
| 856 |
4 |
0 |
|u http://proxy.library.tamu.edu/login?url=https://search.proquest.com/docview/2240887785
|z Connect to the full text of this electronic book
|t 0
|
| 999 |
f |
f |
|s 0484a729-53a4-3007-af5d-ffeac5a61f94
|i 9dd5c222-4605-3ab9-878b-40fba62fc9a8
|t 0
|
| 952 |
f |
f |
|a Texas A&M University
|b College Station
|c Electronic Resources
|d Available Online
|t 0
|h No information provided
|
| 998 |
f |
f |
|t 0
|l Available Online
|